000 00472nam a2200181 a 4500
005 20140310183439.0
008 080208s19uu xx 00 eng d
020 _a1841123293
050 _aHD 2848
_b.G692 2002
100 _aGough, Leo
245 _aFinance express /
_cLeo Gough
260 _aUnited Kingdom :
_bCapstone Publishing,
_c2002.
300 _a124 p. :
_bill. ;
_c19 cm.
521 _aBSBA
650 _aFinance.
942 _cBK
_2lcc
_kFOR
999 _c23026
_d23026